Cars, trains and other wheels: (Record no. 756238)
[ view plain ]
| 000 -LEADER | |
|---|---|
| fixed length control field | 00813nam a22002177b 4500 |
| 003 - CONTROL NUMBER IDENTIFIER | |
| control field | 3228 |
| 005 - DATE AND TIME OF LATEST TRANSACTION | |
| control field | 20260408115508.0 |
| 008 - FIXED-LENGTH DATA ELEMENTS--GENERAL INFORMATION | |
| fixed length control field | 260408b sa ||||| |||| 00| 0 eng d |
| 020 ## - INTERNATIONAL STANDARD BOOK NUMBER | |
| International Standard Book Number | 9781770084391 (Hardback) |
| 040 ## - CATALOGING SOURCE | |
| Original cataloging agency | MPL |
| Language of cataloging | Eng |
| Transcribing agency | 3228 |
| Description conventions | Resource Description and Access |
| 041 0# - LANGUAGE CODE | |
| Language code of text/sound track or separate title | English |
| 082 ## - DEWEY DECIMAL CLASSIFICATION NUMBER | |
| Classification number | J 629.2 CAR |
| 100 10 - MAIN ENTRY--PERSONAL NAME | |
| Personal name | Van der wiel Renee |
| Relator term | Author |
| 245 10 - TITLE STATEMENT | |
| Title | Cars, trains and other wheels: |
| Remainder of title | rolling along / |
| Statement of responsibility, etc. | by Renee van der Wiel |
| 260 3# - PUBLICATION, DISTRIBUTION, ETC. | |
| Place of publication, distribution, etc. | Gallo Manor, South Africa : |
| Name of publisher, distributor, etc. | Awareness Publishing Group, |
| Date of publication, distribution, etc. | 2017 |
| 300 ## - PHYSICAL DESCRIPTION | |
| Extent | 79 pages.: |
| Other physical details | color illustrations; |
| Dimensions | 28 cm |
| 490 0# - SERIES STATEMENT | |
| Series statement | World of knowledge : resource material for school projects series |
| Volume/sequential designation | Volume 5 |
| 500 ## - GENERAL NOTE | |
| General note | Target Audience: J E<br/>General: Includes a glossary |
| 650 20 - SUBJECT ADDED ENTRY--TOPICAL TERM | |
| 9 (RLIN) | 199056 |
| Topical term or geographic name entry element | Motor vehicles ; Bicycles |
| Form subdivision | Juvenile literature |
| 942 ## - ADDED ENTRY ELEMENTS | |
| Source of classification or shelving scheme | Dewey Decimal Classification |
| item type | Book |
| -- | 5815 |
| -- | Pontsho Maoko |
| Withdrawn status | Lost status | Damaged status | Not for loan | Collection code | Home library | Current library | Shelving location | Date acquired | Cost, normal purchase price | Total Checkouts | Full call number | Barcode | Date last seen | Cost, replacement price | Price effective from | item type | Source of classification or shelving scheme |
|---|---|---|---|---|---|---|---|---|---|---|---|---|---|---|---|---|---|
| 600: Technology & Applied Science | KWAMHLANGA REGIONAL LIBRARY | DELMAS PUBLIC LIBRARY | Children's Area | 08.04.2026 | J 629.2 CAR | 3322830001963 | 08.04.2026 | 08.04.2026 | Book | Dewey Decimal Classification | |||||||
| Mafemani | Mafemani | Children's Area | 17.02.2025 | J 629.2 VAND | LIB01636 | 17.02.2025 | 17.02.2025 | ||||||||||
| 600: Technology & Applied Science | Perdekop (do not use) | Perdekop (do not use) | Reference | 03.12.2025 | 313.00 | RJ 629.2 AWAR | 3004200002012 | 03.12.2025 | 313.00 | 03.12.2025 | Reference | ||||||
| 600: Technology & Applied Science | Standerton Public Library | Standerton Public Library | Children's Area | 15.08.2023 | 313.00 | J 629.2 VAND | 3300410013323 | 15.08.2023 | 313.00 | 15.08.2023 | Book | ||||||
| Vukuzakhe (do not use) | Vukuzakhe (do not use) | Children's Area | 12.12.2025 | RJ 629.2 AWAR | 3300410029634 | 12.12.2025 | 313.00 | 12.12.2025 | Book |